00683nam a22001577a 4500003001100000008004100011040003900052041000800091082001600099111007300115245016600188260009000354300002300444650002900467700002900496LK-CoMWRAF240109b1993 |||||||| |||| 00| 0 eng d aLK-CoMWRAFdLK-CoMWRAFeLK-CoMWRAF aeng a305.42bCON aCONSULTATION ON GENDER & DEVELOPMENTc(Bangalore, d24-26 June 1993) aWomen in India : reflecting on our history and shaping our future :b proceedings of a Consultation on Gender and Development jointly organised by CWDS and HIVOS aBangalore:bHumanistic Institute for Co-operation with Developing Countries, c[1994] a vi, 89 p. ; 30 cm a Women- India-Congresses aRamakrishna, Jamunaeed.